00750nam a2200241 a 4500001001300000003000900013005001700022008004100039020002300080082001800103100003000121245003800151260004100189300000900230500003500239505002500274650002800299650002000327902000800347942000700355952013100362999001500493nice12345678IN_TiNIC20260116013124.0050524s1999 newa grp 000 0 eng  a0761919 c69500a306.0954bDAS aDas, Veena Dipankar Gupta aTradition, Pluralism and Identity aNew Delhi bSage Publications c1999 a476p aincludes index and biblioraphy2 areprint of 1939 edn. aCulture-India-Modernity aSociology-India bSRS cBK 001040708StackRoom-aHMIbHMId2011-05-30g695.00l1o306.0954 DASp019505r2022-01-24s2022-01-17v695.00w2005-05-24yBK c9741d9741